| 000 | 00346nam a2200145Ia 4500 | ||
|---|---|---|---|
| 005 | 20251222152607.0 | ||
| 008 | 251222s9999||||xx |||||||||||||| ||spa|| | ||
| 020 | _a9788497955485 | ||
| 082 | _a150/R32 | ||
| 100 | _aRabasa Sanchis, Beatriz | ||
| 245 | 0 | _aCómo dar Clase sin Quemarse | |
| 250 | _a1ra. ed. | ||
| 264 | _bBrosquil | ||
| 942 | _cLIB | ||
| 999 |
_c26836 _d26836 |
||